[Event "Rheinland Pfalz op 7th"]
[Site "Frankenthal"]
[Date "2015.06.07"]
[Round "7"]
[White "Lyakh, Daniel"]
[Black "Von Pueckler, Konstantin"]
[Result "0-1"]
[WhiteElo "957"]
[BlackElo "1065"]
[PlyCount "134"]
[EventDate "2015.06.04"]
[EventType "swiss"]
[EventRounds "7"]
[EventCountry "GER"]
[SourceTitle "EXT 2017"]
[Source "ChessBase"]
[SourceDate "2016.10.25"]
[SourceVersion "1"]
[SourceVersionDate "2016.10.25"]
[SourceQuality "1"]

1. Nf3 d5 2. d4 c5 3. e3 e6 4. Nbd2 Nc6 5. Be2 Qb6 6. c3 Nf6 7. 0-0 cxd4 8. cxd4 Qc7 9. Ng5 h6 10. Nh3 e5 11. Nb3 Bxh3 12. gxh3 Bd6 13. f3 exd4 14. Rf2 dxe3 15. Bxe3 Qd7 16. Bf1 0-0 17. Rg2 Kh7 18. Qd3+ g6 19. Bc5 Ne5 20. Qd1 Bxc5+ 21. Nxc5 Qxh3 22. Rg3 Qc8 23. Nd3 Nxd3 24. Qxd3 Qc5+ 25. Kg2 Rac8 26. Kh1 Nh5 27. Rg1 Nf4 28. Qd2 g5 29. Bd3+ Nxd3 30. Qxd3+ f5 31. Rac1 Qxc1 32. Rxc1 Rxc1+ 33. Kg2 Rc5 34. Qd4 Rfc8 35. Kg3 Kg6 36. h4 b6 37. b4 Rb5 38. a4 Rc4 39. Qh8 gxh4+ 40. Kh3 Rbxb4 41. Qg8+ Kf6 42. Qxd5 Rxa4 43. Qd6+ Kg5 44. Qe7+ Kf4 45. Qxh4+ Kxf3 46. Qh5+ Ke4 47. Qxh6 Kd3 48. Qd6+ Kc3 49. Qg3+ Kb4 50. Qe1+ Kb5 51. Qe5+ Ka6 52. Qe2 f4 53. Kh2 f3 54. Qd3 Ka5 55. Qd2+ Kb5 56. Qb2+ Ka5 57. Qd2+ Ka6 58. Qd3 b5 59. Qd6+ Ka5 60. Qd2+ Kb6 61. Qd6+ Rc6 62. Qd8+ Ka6 63. Qd1 f2 64. Qe2 Rf6 65. Kg2 f1Q+ 66. Qxf1 Rxf1 67. Kxf1 b4 0-1

[Event "Rheinland Pfalz op 7th"]
[Site "Frankenthal"]
[Date "2015.06.06"]
[Round "3"]
[White "Geisert, Bernd"]
[Black "Lyakh, Daniel"]
[Result "1-0"]
[WhiteElo "1631"]
[BlackElo "957"]
[PlyCount "125"]
[EventDate "2015.06.04"]
[EventType "swiss"]
[EventRounds "7"]
[EventCountry "GER"]
[SourceTitle "EXT 2017"]
[Source "ChessBase"]
[SourceDate "2016.10.25"]
[SourceVersion "1"]
[SourceVersionDate "2016.10.25"]
[SourceQuality "1"]

1. d4 d5 2. Nf3 Nc6 3. e3 Nf6 4. c3 a6 5. Bd3 b5 6. Nbd2 e6 7. 0-0 Be7 8. Re1 0-0 9. e4 dxe4 10. Nxe4 h6 11. Ng3 Re8 12. Qc2 Bd6 13. Ne5 Ne7 14. Ne4 Ned5 15. a3 Nxe4 16. Bxe4 c5 17. Nf3 Rb8 18. c4 Nf6 19. Bd3 Bb7 20. cxb5 axb5 21. Bxb5 Re7 22. dxc5 Bc7 23. c6 Bc8 24. Rd1 Qe8 25. Bc4 Qxc6 26. Nd4 Qb6 27. b4 Be5 28. Be3 Qc7 29. g3 Bxd4 30. Bxd4 Rd7 31. Bc5 Rxd1+ 32. Rxd1 Bb7 33. Bd3 Qc6 34. Kf1 Qg2+ 35. Ke1 Ng4 36. Bf1 Qe4+ 37. Qxe4 Bxe4 38. h3 Nh2 39. Be2 Bf3 40. Rd3 Be4 41. Rc3 f5 42. Be3 Nf3+ 43. Bxf3 Bxf3 44. Bf4 Rd8 45. Rxf3 g5 46. Be5 g4 47. hxg4 fxg4 48. Re3 Rf8 49. Bf4 Rf6 50. Ke2 h5 51. Re5 Rf8 52. Rxh5 Rc8 53. Rc5 Ra8 54. Ra5 Rc8 55. Rc5 Ra8 56. Bc1 Kf7 57. Rc7+ Kf6 58. Bb2+ Kf5 59. Rf7+ Ke4 60. Rf4+ Kd5 61. Rxg4 Rc8 62. Rd4+ Ke5 63. Rd8+ 1-0

[Event "Solingen Karneval op"]
[Site "Solingen"]
[Date "2013.02.08"]
[Round "1"]
[White "Ringeltaube, Denny"]
[Black "Lyakh, Daniel"]
[Result "1-0"]
[WhiteElo "1771"]
[BlackElo "794"]
[PlyCount "61"]
[EventDate "2013.02.08"]
[EventType "swiss"]
[EventRounds "5"]
[EventCountry "GER"]
[SourceTitle "EXT 2015"]
[Source "ChessBase"]
[SourceDate "2014.11.20"]
[SourceVersion "1"]
[SourceVersionDate "2014.11.20"]
[SourceQuality "1"]

1. d4 d5 2. c4 Nf6 3. Nc3 e6 4. Nf3 Nc6 5. Bg5 Be7 6. e3 0-0 7. a3 h6 8. Bh4 Bd7 9. Bd3 Na5 10. Bxf6 Bxf6 11. cxd5 exd5 12. Nxd5 c6 13. Nxf6+ Qxf6 14. b4 b6 15. bxa5 bxa5 16. 0-0 Bg4 17. Be2 Rad8 18. Ne5 Bxe2 19. Qxe2 Rd6 20. Rfc1 Rc8 21. Rc5 a4 22. Qa6 Rc7 23. Qxa4 Qh4 24. Rac1 Rf6 25. Qc2 Rf5 26. Qxf5 g6 27. Qf3 f6 28. Nxg6 Qg5 29. Rxg5 hxg5 30. Qxf6 Rc8 31. Ne7+ 1-0